LEADER 01277nam a2200289 u 4500 001 000000043688 003 CaOOAMICUS 005 20070226114451.0 008 990412s1978 it u000 u ita u 035 $a10819613 040 $aPUL$bita 041 0 $aita$hlat 110 2 $aMinimi.$0(OLS)http://pul/name/7449 240 10$aRegula.$0(OLS)http://pul/title/58930 245 10$aRedazioni della regola e correttorio dei minimi :$btesto latino e versione italiana /$ca cura di Antonio Castiglione, OM. 246 34$aRegole correttorio dei minimi 260 $aRoma :$bCuria Generalizia dell'Ordine dei Minimi,$c1978. 300 $a277 p. ;$c19 cm 700 1 $aCastiglione, Antonio.$0(OLS)http://pul/name/31945 850 $aPUL 852 $aPUL$W1$xDP1 Cons. Gen., Altre Classi 1$y22$m43 C 22$j58865$nBK-PRI$b $qStampati$B58865$CPULBib$Z2$F58865 $H $81 910 $aOrdine dei Minimi$97449 941 1 $a8 961 $aINV: 45716 996 $6245$aRedazioni della regola e correttorio dei minimi :$btesto latino e versione italiana$9(OLS)http://pul/title/58931 996 $6246$aRegole correttorio dei minimi$9(OLS)http://pul/title/58932 996 $6260$aRoma :$bCuria Generalizia dell'Ordine dei Minimi$9(OLS)http://pul/publisher/51654 LEADER 01307nam a2200313 u 4500 001 000000080592 003 CaOOAMICUS 005 20070226123650.0 008 050110s2004 it a u000 u ita u 020 $a88-02-06080-0 035 $a11021219 040 $aEFR$bita 041 1 $aita$alat 100 1 $aPorfyrius, P. Optianus,$dfl. 325.$0(OLS)http://pul/name/53718 240 10$aCarmina$9(Porfyrius, P. Optianus, fl. 325).$lItalian and Latin.$0(OLS)http://pul/title/105538 245 10$aCarmi di Publio Optaziano Porfirio /$ca cura di Giovanni Polara. 260 $aTorino :$bUTET,$cc2004. 300 $a294 p. :$bill. ;$c24 cm 490 1 $aClassici latini 500 $aTexte latin avec traduction italienne en regard. 504 $aBibliogr. p. [27]-32. Index. 700 1 $aPolara, Giovanni.$0(OLS)http://pul/name/278 830 0$aClassici latini (UTET).$0(OLS)http://pul/title/2304 850 $aPUL 852 $aPUL$W1$xDP1 Cons. Gen., Altre Classi 1$y22$m844 F 48$j102938$nBK-PRI$bStampati$q $B102938$CPULBib$Z2$F102938 $HPUL98617 $81 941 1 $a8 996 $6020$a88-02-06080-0$9(OLS)http://pul/number/106701 996 $6245$aCarmi di Publio Optaziano Porfirio$9(OLS)http://pul/title/105539 996 $6260$aTorino :$bUTET$9(OLS)http://pul/publisher/48088